00297nam a2200109Ia 4500008004000000082001500040100003900055245002900094260003600123300001200159650001600171210210b1976 xxu||||| |||| 00| 0 eng d a421.5 BANE aBANSAL (R K) and BRASNETT (Clive). aEnglish phonetic reader. aBombay.bOrient Longman.,c1976 aviii,83 aPhonetics